000
00326nam a2200133Ia 4500
008
100328s9999 xx 000 0 und d
082
_b
33871
100
_a
कांबळी दिवाकर
245
_a
परळ 68
260
_b
डिंपल
630
_a
परळ 68
730
_a
परळ 68
942
_c
BOOK
999
_c
524190
_d
524187